000 00269 a2200109 4500
020 _a9781032791470
100 _aVolker Ziemann
245 _aA hands-on course in sensors using the Arduino and Raspberry Pi
250 _a2nd
260 _bCRC Press
_c2024
942 _cOO
999 _c116037
_d116036